Slovensko-srbochorvátsky, srbochorvátsko-slovenský turistický slovník

Guardado en:
Detalles Bibliográficos
Formato: Libro
Lenguaje:eslovaco
serbio
Publicado: Bratislava Slov. ped. nakl. 1987
Edición:1. vyd.
Etiquetas: Agregar Etiqueta
Sin Etiquetas, Sea el primero en etiquetar este registro!

MARC

LEADER 00000nam a2200000 4500
001 c026717
005 20250711114802.5
041 0 |a slo 
041 0 |a srp 
044 |a SK 
245 1 0 |a Slovensko-srbochorvátsky, srbochorvátsko-slovenský turistický slovník  |c Emil Horák 
250 |a 1. vyd. 
264 1 |a Bratislava  |b Slov. ped. nakl.  |c 1987 
300 |a 192, 96 s.